000 00391nam a22001697a 4500
005 20260512114214.0
008 160629b xxu||||| |||| 00| 0 eng d
020 _a81-85749-59-O
041 _aeng
082 _a658.5
100 _aVerma, A.P & Mohan.N
245 _aIndustrial Management
260 _bKatson
_c2011
300 _a379
650 _aDiploma Engineering
_9817
942 _cBK
999 _c4608
_d4606